000
00269nam a2200097Ia 4500
001
713132
005
20250826162840.0
008
250824s9999 xx 000 0 und d
245
0
_a
PARADOKYA ADALET YILDIZI VE KAYIP PUSULA
_c
CEM GÜLBENT
260
_b
GENÇ TİMAŞ YAYINLARI
999
_c
713132
_d
713132